| 000 | 01091cam a2200289 i 4500 | ||
|---|---|---|---|
| 003 | SA-RiAUC | ||
| 005 | 20250321142619.0 | ||
| 008 | 250321s2005 su g b 000 0 ara c | ||
| 020 | _a9960405753 | ||
| 040 |
_aSA-JeALM _bara _cSA-RiAUC _erda |
||
| 082 | 0 | 4 | _a028 |
| 090 |
_a028 _b ح م و |
||
| 100 | 1 |
_aالحمود، فهد بن صالح بن محمد _eمؤلف. |
|
| 245 | 1 | 0 |
_aقراءة القراءة / _cفهد بن صالح بن محمد الحمود. |
| 250 | _aالطبعة الأولى. | ||
| 264 | 1 |
_aالرياض : _bمكتبة العبيكان، _c2005 |
|
| 300 |
_a289 صفحة ؛ _c21 سم |
||
| 336 |
_aنص _btxt _2rdacontent _3كتاب |
||
| 337 |
_aبدون وسيط _bn _2rdamedia |
||
| 338 |
_aمجلد _bnc _2rdacarrier |
||
| 500 | _aملاحظات من الشيخ الدكتور عبدالوهاب سليمان رحمه الله بداخل الكتاب | ||
| 504 | _aببليوجرافية : صفحة 209-222. | ||
| 650 | 7 |
_aالقراءة _2aucsh |
|
| 942 |
_2ddc _cBOOK _n0 |
||
| 949 |
_aSA-JeALM _d250321 _umohamedma123 _n1 |
||
| 999 |
_c6546 _d6546 |
||